| 000 | 00494nam a2200157 i 4500 | ||
|---|---|---|---|
| 001 | 90692 | ||
| 003 | ES-MaACL | ||
| 005 | 20230906180532.0 | ||
| 007 | t| | ||
| 008 | 050124s1911 fr ||||1| fre d | ||
| 100 | 1 |
_aLeclerc du Sablon, Mathieu. _971090 |
|
| 245 | 1 | 0 |
_aTraité de Physiologie Végétale et Agricole / _cpar Leclerc du Sablon. |
| 260 |
_aParís : _bJ.B. Baillière et Fils, _c1911 ( _fDouladoure Privat) |
||
| 300 |
_aVIII, 610 p. : _bil. ; _c22 cm. |
||
| 852 |
_aES-MaACL _jF-12950 |
||
| 999 |
_c90692 _d90692 |
||